| 000 | 01296nam a2200301 i 4500 | ||
|---|---|---|---|
| 001 | 33842 | ||
| 003 | ES-MaACL | ||
| 005 | 20230906154830.0 | ||
| 007 | t| | ||
| 008 | 030203s1875 po ||||1| por d | ||
| 100 | 1 |
_aBocage, Manuel Maria Barbosa du. _929653 |
|
| 245 | 1 | 0 |
_aObras poéticas de Bocage / _cManuel Maria Barbosa du Bocage. |
| 260 |
_aPorto : _b[s.n., _c1875] ( _fPortuguesa) |
||
| 300 |
_a7 v. ; _c16 cm. |
||
| 505 | 8 | _aContiene: T. I: Sonetos. -- T. II: Cançoes, Elegias. Idylios. Cantatas, epistolas e satyras. -- T. III: Redondilhas (anacreonticas), cançonetas, Glosas, fabulas, epigrammas. -- T. IV: Elogios dramáticos. Dramas allegóricos, fragmentos. -- T. V: Versoes lyricas. Episodios traducidos, Fastos. -- T. VI: Poemas didácticos traduzidos. -- T. VIII: Dramas traduzidos | |
| 740 | 0 | _aSonetos. | |
| 740 | 0 | _aCançoes, elegias. | |
| 740 | 0 | _aIdylios. | |
| 740 | 0 | _aCantatas, epistolas e satyras. | |
| 740 | 0 | _aRedondilhas (anacreonticas), cançonetas, glosas, fabulas, epigrammas. | |
| 740 | 0 | _aElogios dramáticos. | |
| 740 | 0 | _aDramas allegóricos, fragmentos. | |
| 740 | 0 | _aVersoes lyricas. | |
| 740 | 0 | _aEpisodios traduzidos Fastos. | |
| 740 | 0 | _aPoemas didacticos traduzidos. | |
| 740 | 0 | _aDramas traduzidos. | |
| 852 |
_aES-MaACL _jF-896-902 |
||
| 999 |
_c33842 _d33842 |
||